| 000 | 00541nam a22001097a 4500 | ||
|---|---|---|---|
| 008 | 150624b xxu||||| |||| 00| 0 eng d | ||
| 010 | _8HCCRSARF: 006 | ||
| 245 | _aHIGH COURT CRIMINAL SESSION No.723 of 1970 Uganda Vs 1.Kalebi Ongodia s/o Osia alias Kosia Ongodia 2. James kategere s/o Isadha Kategere | ||
| 260 | _aHigh Court Kampala | ||
| 500 | _3(original criminal Case No.MJ.49 of 1969 in the chief Magistrate's court of Busoga at Jinja Before: K.S. Mistry Esq., Magistrate Grade 1) | ||
| 500 | _3 Before: Hon. Mr. Ag Justice A.W.K. Mukasa | ||
| 999 |
_c6670 _d6670 |
||